000 00866nmm a2200265 a 4500
001 ocm0001520702
003 TR-IsHL
005 20201028163402.0
008 170206s2011 tu tur
007 cr cn
020 _a9789752699656 :
_c1520702
035 _a1520702
_b(N$T)
050 0 4 _aDS339
_b.S25 2011
090 0 4 _aDS339
_b.S25 2011
100 1 _aSaltık, Ekrem
245 1 0 _aGüney Asya ve Uzak Doğu'da Osmanlı izleri
_h[electronic resource] /
_cEkrem Saltık
260 _aİstanbul :
_bNesil Yayınları,
_c2011
300 _a177 p.
650 4 _aTarih
650 4 _aHistory
650 0 _aTürkler
_xTarih
_xDoğu Asya
650 0 _aTurks
_xHistory
_xEast Asia
650 7 _aHISTORY / Middle East / Turkey & Ottoman Empire
_2bisacsh
856 4 0 _uhttp://search.ebscohost.com/login.aspx?direct=true&scope=site&db=e011xww&AN=1520702
999 _c15306
_d15306